| 000 | 00717nam a22001817a 4500 | ||
|---|---|---|---|
| 005 | 20260401111959.0 | ||
| 008 | 240809b ||||| |||| 00| 0 eng d | ||
| 082 |
_22023 _aUT |
||
| 100 |
_aRicaplaza, Wneliz Joy. _957415 |
||
| 245 |
_aInterpersonal communication during pandemic : _bimplication to language learning and teaching / _cWneliz Joy Ricaplaza, Lynreyn Rucaberte, and John Ray Ramirez |
||
| 260 |
_aDigos City : _bUMDC, _cMay 2023. |
||
| 300 |
_aviii, 75 pages. _c29 cm. _billustrations (some colors) ; |
||
| 500 | _aIncludes references and appendices | ||
| 650 |
_aEducation _xUndergraduate thesis. _957416 |
||
| 700 |
_aRucaberte, Lynreyn. _957417 |
||
| 700 |
_aRamirez, John Ray. _957418 |
||
| 942 |
_2ddc _cUT |
||
| 999 |
_c20355 _d20355 |
||